Определение радиального биения ротора по сигналу с датчика вращения; Известия Томского политехнического университета [Известия ТПУ]; Т. 321, № 2 : Математика и механика. Физика
| Parent link: | Известия Томского политехнического университета [Известия ТПУ]/ Томский политехнический университет (ТПУ).— , 2000- Т. 321, № 2 : Математика и механика. Физика.— 2012.— [С. 31-35] |
|---|---|
| Yazar: | |
| Diğer Yazarlar: | , |
| Özet: | Заглавие с титульного листа Электронная версия печатной публикации Предложена модель вращения индуктора датчика в поле постоянного магнита. На ее основе разработаны методы определения радиального биения (колебания) ротора, различающиеся по точности результата, сложности математического аппарата и возможностям использования в системах с разной вычислительной мощностью. Предложенные методы могут применяться для контроля технического состояния роторных машин по величине биений с использованием датчиков вращения, входящих в состав оборудования. |
| Dil: | Rusça |
| Baskı/Yayın Bilgisi: |
2012
|
| Seri Bilgileri: | Математика и механика. Физика |
| Konular: | |
| Online Erişim: | http://earchive.tpu.ru/bitstream/11683/4360/1/bulletin_tpu-2012-321-2-07.pdf |
| Materyal Türü: | Elektronik Kitap Bölümü |
| KOHA link: | https://koha.lib.tpu.ru/cgi-bin/koha/opac-detail.pl?biblionumber=222998 |
MARC
| LEADER | 00000nla2a2200000 4500 | ||
|---|---|---|---|
| 001 | 222998 | ||
| 005 | 20231031200128.0 | ||
| 035 | |a (RuTPU)RU\TPU\book\243230 | ||
| 035 | |a RU\TPU\book\243229 | ||
| 090 | |a 222998 | ||
| 100 | |a 20121003d2012 k y0rusy50 ca | ||
| 101 | 0 | |a rus | |
| 102 | |a RU | ||
| 135 | |a drnn ---uucaa | ||
| 181 | 0 | |a i | |
| 182 | 0 | |a b | |
| 200 | 1 | |a Определение радиального биения ротора по сигналу с датчика вращения |b Электронный ресурс |f Е. С. Зайцев, А. И. Домненко, В. Г. Астафуров | |
| 203 | |a Текст |c электронный | ||
| 215 | |a 1 файл (181 Кб) | ||
| 225 | 1 | |a Математика и механика. Физика | |
| 230 | |a Электронные текстовые данные (1 файл : 181 Кб) | ||
| 300 | |a Заглавие с титульного листа | ||
| 300 | |a Электронная версия печатной публикации | ||
| 320 | |a [Библиогр.: с. 35 (7 назв.)] | ||
| 330 | |a Предложена модель вращения индуктора датчика в поле постоянного магнита. На ее основе разработаны методы определения радиального биения (колебания) ротора, различающиеся по точности результата, сложности математического аппарата и возможностям использования в системах с разной вычислительной мощностью. Предложенные методы могут применяться для контроля технического состояния роторных машин по величине биений с использованием датчиков вращения, входящих в состав оборудования. | ||
| 337 | |a Adobe Reader | ||
| 461 | 1 | |0 (RuTPU)RU\TPU\book\176237 |t Известия Томского политехнического университета [Известия ТПУ] |f Томский политехнический университет (ТПУ) |d 2000- | |
| 463 | 1 | |0 (RuTPU)RU\TPU\book\243214 |x 1684-8519 |t Т. 321, № 2 : Математика и механика. Физика |v [С. 31-35] |d 2012 |p 156 с. | |
| 610 | 1 | |a роторы | |
| 610 | 1 | |a дисбалансы | |
| 610 | 1 | |a вибрация | |
| 610 | 1 | |a колебания | |
| 610 | 1 | |a биения | |
| 610 | 1 | |a диагностика | |
| 610 | 1 | |a датчики вращения | |
| 610 | 1 | |a электронный ресурс | |
| 700 | 1 | |a Зайцев |b Е. С. | |
| 701 | 1 | |a Домненко |b А. И. | |
| 701 | 1 | |a Астафуров |b В. Г. | |
| 801 | 1 | |a RU |b 63413507 |c 20090623 |g PSBO | |
| 801 | 2 | |a RU |b 63413507 |c 20220114 |g PSBO | |
| 856 | 4 | |u http://earchive.tpu.ru/bitstream/11683/4360/1/bulletin_tpu-2012-321-2-07.pdf | |
| 942 | |c CF | ||